000 00446ntaaa2200181 4500
003 01
005 20251027201342.0
008 0714s1973 ag 01
040 _aAR-BaBN
_bspa
_cAR-BaBN
_eaacr
_dRIC
082 _a224.0000 H18
100 _aHamilton, Edith
_911856
245 _aProfetas de Israel
250 _a1 ed. :
_bEdiciones Helios,
_cc1946
300 _a274 p.
650 _aBiblia-A.T.
_95519
650 _aAntiguo Testamento
942 _cBK
999 _c8011
_d8011